00305nam a2200121Ia 4500008004100000100001800041245002200059260004900081300000900130650002000139942000700159999001700166190216s9999||||xx |||||||||||||| ||und|| aMiuhammed V P 0aVyaktiyile Vyakti bSahithya Pravarthaka Sahakarana Sangamc1988 a234p aMalayalam Novel cBK c26428d26428